|
|
|
|
| LEADER |
00000nab a2200000 a 4500 |
| 001 |
vtls000305406 |
| 003 |
SK-MaSNL |
| 005 |
20260319074827.0 |
| 008 |
150501c1986 xo 0 rus |
| 015 |
|
|
|a SNBRA19rr/mm-uuuuu
|
| 035 |
|
|
|a CL0315525
|
| 040 |
|
|
|a SNKBUCL
|b slo
|c SNKBUCL
|e AACR2
|
| 041 |
0 |
|
|a rus
|
| 044 |
|
|
|a xo
|c SK
|
| 080 |
|
|
|a 658.512.2:681.3
|2 1981
|
| 080 |
|
|
|a 681.3
|2 1981
|
| 080 |
|
|
|a 658.512.2
|2 1981
|
| 100 |
1 |
|
|a Andreasik, Jan
|4 aut
|9 942213
|
| 245 |
1 |
0 |
|a Vybrannyje aspekty strojenija sistemy avtomatizacii projektirovanija technologičeskich processov pri primenenii logičeskich tablic rešenij
|c Jan Andreasik, Eugeniusz Koscielny
|
| 300 |
|
|
|b Lit. 4 zázn. v ruš., poľ.
|
| 650 |
0 |
7 |
|a automatizované projektovanie
|2 snkbucl
|9 70011
|
| 655 |
|
7 |
|a články zo zborníkov
|2 snkbucl
|9 166140
|
| 700 |
1 |
|
|a Koscielny, Eugeniusz
|4 aut
|9 942148
|
| 773 |
0 |
|
|t Zborník vedeckých prác Vysokej školy technickej v Košiciach 1983
|d Bratislava : Alfa, 1986
|
| 850 |
|
|
|a Slovenská národná knižnica v Martine
|a MTA001
|
| 852 |
|
|
|a SNK
|b KIS3GCP
|
| 958 |
|
|
|a RK
|
| 958 |
|
|
|a PL
|
| 992 |
|
|
|a RZB
|
| 999 |
|
|
|c 1499113
|d 1501043
|